000 00844cam a22002533a 4500
001 32022
003 PGUSA
005 20140828083707.0
008 100417s2010||||xxu|||||s|||||000 | eng d
040 _aPGUSA
_beng
042 _adc
050 4 _aHQ
100 1 _aSymonds, John Addington,
_d1840-1893
245 1 2 _aA Problem in Greek Ethics :
_bBeing an inquiry into the phenomenon of sexual inversion, addressed especially to medical psychologists and jurists
_h[electronic resource] /
_cJohn Addington Symonds
260 _bProject Gutenberg,
_c2010
506 _aPublic domain in the USA.
516 _aElectronic text
653 _aEthics -- Greece
653 _aHomosexuality
653 _aGreece -- Social life and customs
830 0 _aProject Gutenberg
_v32022
856 4 0 _uhttp://www.gutenberg.org/ebooks/32022
942 _cEB
999 _c261277
_d261277